Звичайний вигляд
Перегляд у МАРК
Входження „Personal Name“
Кількість записів, які використовуються: 1
001 - CONTROL NUMBER
- control field: 25111
003 - CONTROL NUMBER IDENTIFIER
- control field: UA-OsUOA
005 - DATE AND TIME OF LATEST TRANSACTION
- control field: 20260428145857.0
008 - FIXED-LENGTH DATA ELEMENTS
- fixed length control field: 260428|| aca||aabn | a|a d
040 ## - CATALOGING SOURCE
- Original cataloging agency: UA-OsUOA
- Transcribing agency: UA-OsUOA
100 ## - HEADING--PERSONAL NAME
- Personal name: Veleriy Shevchuk ; Translated from the Ukrainian by Yuri Tkacz
670 ## - SOURCE DATA FOUND
- Source citation: Work cat.: (UA-OsUOA)580593: Veleriy Shevchuk ; Translated from the Ukrainian by Yuri Tkacz, Breath of Evil, 2016